书目信息 |
| 题名: |
杜甫诗传
|
|
| 作者: | 金涛声, 著 | |
| 分册: | ||
| 出版信息: | 成都 巴蜀书社 2019.01 |
|
| 页数: | 254页 | |
| 开本: | 21cm | |
| 丛书名: | ||
| 单 册: | ||
| 中图分类: | K825.6=423 , I207.227.423 | |
| 科图分类: | ||
| 主题词: | 杜诗--du shi--诗歌欣赏 | |
| 电子资源: | ||
| ISBN: | 978-7-5531-1083-7 | |
| 000 | 00984nam0 2200289 450 | |
| 001 | CAL 003774213 | |
| 005 | 20190408141902.2 | |
| 010 | @a978-7-5531-1083-7@dCNY38.00 | |
| 100 | @a20190408d2019 em y0chiy50 ea | |
| 101 | 0 | @achi |
| 102 | @aCN@b510000 | |
| 105 | @ay a 000yb | |
| 106 | @ar | |
| 200 | 1 | @a杜甫诗传@Adu fu shi zhuan@f金涛声著@Fjin tao sheng zhu |
| 210 | @a成都@c巴蜀书社@d2019.01 | |
| 215 | @a254页@d21cm | |
| 314 | @a金涛声, 北京师范大学中文系本科毕业, 北京大学古典文献专业研究生毕业。 | |
| 320 | @a有书目 (第246-249页) | |
| 330 | @a本书是为唐代伟大诗人杜甫 (字子美) 写的一本传记。传记以杜甫诗文为纲, 通过诗文意蕴的深入浅出的解读, 再现诗人艰难曲折而瑰丽多彩的诗意人生。 | |
| 586 | @a | |
| 600 | 0 | @a杜甫,@Adu fu@f712-770@x传记 |
| 606 | 0 | @a杜诗@Adu shi@x诗歌欣赏 |
| 690 | @aK825.6=423@v5 | |
| 690 | @aI207.227.423@v5 | |
| 701 | 0 | @a金涛声,@Ajin tao sheng@f1937-@4著 |
| 801 | 0 | @aCN@c20190408 |
| 905 | @a河南城建学院图书馆@dK825.6=423@eJ806@f2 | |
| 杜甫诗传/金涛声著.-成都:巴蜀书社,2019.01 |
| 254页;21cm |
| ISBN 978-7-5531-1083-7:CNY38.00 |
| 本书是为唐代伟大诗人杜甫 (字子美) 写的一本传记。传记以杜甫诗文为纲, 通过诗文意蕴的深入浅出的解读, 再现诗人艰难曲折而瑰丽多彩的诗意人生。 |
| ● |
| 相关链接 |
|
|
|
正题名:杜甫诗传
索取号:K825.6=423/J806
 
预约/预借
| 序号 | 登录号 | 条形码 | 馆藏地/架位号 | 状态 | 备注 |
| 1 | 1411178 | 214111780 | 社科库309/309社科库 53排3列5层/ [索取号:K825.6=423/J806] | 在馆 | |
| 2 | 1411179 | 214111799 | 社科库309/309社科库 53排3列5层/ [索取号:K825.6=423/J806] | 在馆 |